000 00641nam a22002177a 4500
003 UA-OsUOA
001 36549
007 ta
008 20060131b un ||||| |||| 00| 0 ukr d
100 _aЗа повідомленням інтернет-видань
090 _a82
942 _cSA
040 _aUA-OsUOA
_bukr
_cUA-OsUOA
_dUA-OsUOA
245 _aВасиль Стус - Герой України посмертно
300 _aС.7
955 _a0
041 _aukr
080 _a82
773 0 _w36548
_tВільне слово
_dРівне
_d2006
_g9
650 7 _a82 Література. Літературознавство
_2UDC
999 _c322782
_d322782